000 00734nam a2200229 4500
003 OSt
005 20240606084331.0
006 a
008 240606b |||||||| |||| 00| 0 eng d
020 _a9781444331004
040 _aDWCL-Main lib.
_cOC
082 _aCirc. 327.73 L296u 2013
100 _aLantis, Jeffrey S.
245 _aUS foreign policy in action : an innovative teaching text /
260 _aU.K. :
_bWiley-Blackwell,
_cc2013.
300 _ax,
_b339 p. : col. ill. ;
_c25 cm.
504 _aIncludes bibliographical references.
650 _a1. United States–Foreign relations–Decision making.
650 _a2. United States–Foreign relations.
700 _aJeffrey S Lantis
942 _2ddc
_n0
_cBK-CIRC
_kCirc.
999 _c322
_d322